[Event "Juvenil Lleida_2008_09"]
[Site "?"]
[Date "2008.11.15"]
[Round "?"]
[White "Fortuny, Jordi"]
[Black "Grau, Nuria"]
[Result "1-0"]
[WhiteElo "1731"]
[BlackElo "1723"]
[PlyCount "119"]
[EventDate "2008.10.13"]
[SourceDate "2008.11.15"]

1. e4 e5 2. Nf3 Nc6 3. Bc4 Bc5 4. c3 Nf6 5. d3 d6 6. h3 O-O 7. Nbd2 Be6 8. Bb5
a6 9. Ba4 Ne7 10. O-O c6 11. Re1 b5 12. Bc2 Ng6 13. Nf1 h6 14. Ng3 d5 15. d4
Bd6 16. exd5 Bxd5 17. Bxg6 e4 18. Bxe4 Bxg3 19. Bxd5 Qxd5 20. fxg3 Rfe8 21.
Rxe8+ Rxe8 22. Bf4 g5 23. Be5 Nd7 24. Qd2 Nxe5 25. dxe5 Qxd2 26. Nxd2 Rxe5 27.
Kf1 Re3 28. Nf3 f5 29. Re1 Rxe1+ 30. Nxe1 Kf7 31. Nd3 Kf6 32. Nb4 c5 33. Nxa6
c4 34. Nc7 Ke5 35. Nxb5 Ke4 36. Nd6+ Kd3 37. Nxf5 Kc2 38. Ne3+ Kd3 39. Nxc4
Kxc4 40. a4 h5 41. a5 Kb5 42. b4 g4 43. c4+ Kxb4 44. a6 Kxc4 45. a7 gxh3 46.
a8=Q h2 47. Qe4+ Kc5 48. Qh4 h1=Q+ 49. Qxh1 Kd6 50. Qxh5 Ke6 51. Qg5 Kf7 52.
Qh6 Kg8 53. Qf6 Kh7 54. Kf2 Kg8 55. Qe7 Kh8 56. Kf3 Kg8 57. Kf4 Kh8 58. Kf5 Kg8
59. Kf6 Kh8 60. Qg7# 1-0

[Event "Juvenil Lleida_2008_09"]
[Site "?"]
[Date "2008.11.15"]
[Round "5"]
[White "Ramoneda, Gisela"]
[Black "Frances, Oriol"]
[Result "0-1"]
[WhiteElo "1975"]
[BlackElo "2133"]
[PlyCount "110"]
[EventDate "2008.10.13"]
[SourceDate "2008.11.15"]

1. e4 e5 2. Nf3 Nc6 3. Bb5 Nge7 4. c3 g6 5. O-O Bg7 6. d3 O-O 7. Nbd2 a6 8. Ba4
d6 9. Re1 h6 10. h3 Be6 11. Nf1 f5 12. exf5 Nxf5 13. d4 Bc4 14. d5 Nb8 15. Ne3
Nxe3 16. Bxe3 a5 17. Qd2 Kh7 18. Bc2 Nd7 19. Nh2 Nf6 20. Ng4 Nxg4 21. hxg4 Qh4
22. f3 Rad8 23. b3 Ba6 24. Rad1 b6 25. c4 Bc8 26. Bf2 Qf6 27. Re4 Kg8 28. Be3
g5 29. Bf2 Bd7 30. Ree1 Rf7 31. Bg3 Re7 32. Qd3 Bh8 33. Qe4 Rf8 34. Rd2 Be8 35.
Rf2 Rg7 36. Qe2 Bg6 37. Bxg6 Qxg6 38. Qe4 Qf7 39. Rff1 Qd7 40. Kf2 a4 41. Rh1
Rf6 42. Rh5 Rgf7 43. Reh1 Bg7 44. Ke2 Rf8 45. Kd3 axb3 46. axb3 Ra8 47. Rc1 Ra3
48. Rb1 Qa4 49. Kc3 Qa5+ 50. Kc2 Ra2+ 51. Rb2 Qa3 52. Rxa2 Qxa2+ 53. Kd3 Qxg2
54. Qe1 Rxf3+ 55. Ke4 Rf1+ 0-1

[Event "Juvenil Lleida_2008_09"]
[Site "?"]
[Date "2008.11.15"]
[Round "5"]
[White "Ferrer, Jordi"]
[Black "Monfa, Ramon"]
[Result "1-0"]
[WhiteElo "1858"]
[BlackElo "1917"]
[PlyCount "111"]
[EventDate "2008.10.13"]
[SourceDate "2008.11.22"]

1. e4 d6 2. d4 Nf6 3. Nc3 Nbd7 4. Nf3 c5 5. dxc5 Nxc5 6. e5 Nfe4 7. Nxe4 Nxe4
8. exd6 Qxd6 9. Qxd6 Nxd6 10. Bf4 f6 11. O-O-O e5 12. Bd2 Be6 13. Kb1 Rc8 14.
Ne1 Ne4 15. Bb5+ Kf7 16. Nd3 Nxd2+ 17. Rxd2 Be7 18. Re1 a6 19. Ba4 b5 20. Bb3
Bxb3 21. axb3 Rhd8 22. Rde2 Bd6 23. f3 Re8 24. Nf2 f5 25. Rd1 Rcd8 26. Red2 Be7
27. Rxd8 Rxd8 28. Rxd8 Bxd8 29. Kc1 Ke6 30. Kd2 Kd5 31. Kd3 Bb6 32. c4+ Kd6 33.
Nd1 b4 34. Ne3 Bxe3 35. Kxe3 Kc5 36. Kd3 a5 37. h4 h5 38. g3 g6 39. Kc2 Kd4 40.
Kd2 a4 41. bxa4 Kxc4 42. b3+ Kd4 43. Kc2 Ke3 44. a5 Kxf3 45. a6 Kxg3 46. a7
Kxh4 47. a8=Q e4 48. Qb8 g5 49. Qh2+ Kg4 50. Kd2 f4 51. Qg2+ Kf5 52. Qh3+ Kg6
53. Qe6+ Kh7 54. Qxe4+ Kh6 55. Qf5 h4 56. Qg4 1-0

[Event "Juvenil Lleida_2008_09"]
[Site "?"]
[Date "2008.11.22"]
[Round "6"]
[White "Orrit, Gerard"]
[Black "Torne, Pol"]
[Result "1-0"]
[WhiteElo "1850"]
[BlackElo "1700"]
[PlyCount "91"]
[EventDate "2008.10.13"]
[SourceDate "2008.11.22"]

1. e4 e5 2. Nf3 Nc6 3. Bc4 Nf6 4. d3 Bc5 5. c3 h6 6. Bb3 O-O 7. Bc2 d6 8. h3 d5
9. exd5 Nxd5 10. O-O Nb6 11. Re1 Re8 12. Nbd2 Bf5 13. Nf1 Bd6 14. Ng3 Bh7 15.
d4 e4 16. Nxe4 Be7 17. Qd3 f5 18. Ng3 f4 19. Qxh7+ Kf7 20. Nf5 Rh8 21. Qxg7+
Ke8 22. Qxh8+ Kd7 23. Qxd8+ Rxd8 24. Nxe7 Nxe7 25. Bxf4 Nbd5 26. Bxh6 Kc8 27.
Bg5 Re8 28. Bxe7 Nxe7 29. Bg6 Rg8 30. Bf7 Rd8 31. Rxe7 Kb8 32. Re8 Rc8 33.
Rxc8+ Kxc8 34. h4 c6 35. h5 Kc7 36. h6 Kb6 37. h7 Kb5 38. h8=Q Ka5 39. Qe5+ Kb6
40. b4 a6 41. Qa5+ Ka7 42. Qc7 Ka8 43. Re1 c5 44. Re8+ Ka7 45. Rb8 c4 46. Qxb7#
1-0

[Event "Juvenil Lleida_2008_09"]
[Site "?"]
[Date "2008.11.22"]
[Round "6"]
[White "Rumi, Joel"]
[Black "Casas, Pau"]
[Result "0-1"]
[WhiteElo "1700"]
[BlackElo "1700"]
[Annotator "No es pot continuar llegint"]
[PlyCount "54"]
[EventDate "2008.10.13"]
[SourceDate "2008.11.22"]

1. e4 e5 2. Nf3 Nf6 3. Nc3 Nc6 4. Bc4 h6 5. d3 Bb4 6. a3 Bxc3+ 7. bxc3 d6 8. h3
Be6 9. Bxe6 fxe6 10. Be3 Qe7 11. O-O a6 12. Ra2 O-O-O 13. d4 d5 14. exd5 Nxd5
15. Bd2 e4 16. Ne5 Nxe5 17. dxe5 Nxc3 18. Qc1 Ne2+ 19. Kh1 Nxc1 20. Bxc1 Rhf8
21. Bb2 Rf7 22. Re1 Rdf8 23. Kg1 Qh4 24. g3 Qxh3 25. Re2 e3 26. Bc1 exf2+ 27.
Rxf2 Rxf2 0-1

[Event "Juvenil Lleida_2008_09"]
[Site "?"]
[Date "2008.11.22"]
[Round "?"]
[White "Solani, Joel"]
[Black "Bobet, Ramon"]
[Result "1-0"]
[WhiteElo "1707"]
[BlackElo "1700"]
[PlyCount "131"]
[EventDate "2008.10.13"]
[SourceDate "2008.11.22"]

1. e4 c5 2. Nf3 d6 3. Bc4 g6 4. O-O Bg7 5. d3 e6 6. Re1 Ne7 7. e5 dxe5 8. Nxe5
Nbc6 9. Nxc6 Nxc6 10. Nc3 O-O 11. h3 Na5 12. Be3 b6 13. Bf4 Nxc4 14. dxc4 Bb7
15. Be5 Bf6 16. Qxd8 Bxd8 17. Rad1 f5 18. Nb5 Ba6 19. b3 Bxb5 20. cxb5 a5 21.
Rd7 Rf7 22. Red1 Bf6 23. Bxf6 Rxf6 24. R1d6 Rb8 25. f4 Rf7 26. Rd8+ Rxd8 27.
Rxd8+ Rf8 28. Rd6 e5 29. fxe5 Re8 30. e6 Kg7 31. Rxb6 Kf6 32. e7+ Kxe7 33. Ra6
Rb8 34. b6 Kd7 35. Ra7+ Kc6 36. Rxh7 Rxb6 37. Rh6 Kd5 38. h4 Rb4 39. h5 Rh4 40.
Rxg6 Rxh5 41. g4 fxg4 42. Rxg4 Kc6 43. c4 Kb6 44. Rg6+ Kb7 45. Kf2 Rh7 46. Ke3
Rf7 47. Ke4 Rd7 48. Ke5 Re7+ 49. Kd5 Re2 50. Kxc5 Rxa2 51. Kb5 Kc7 52. c5 Ra3
53. Rc6+ Kd7 54. Rd6+ Kc7 55. Ra6 Rxb3+ 56. Ka4 Kb7 57. Rxa5 Rc3 58. Kb5 Rb3+
59. Kc4 Rb1 60. Rb5+ Rxb5 61. Kxb5 Kc7 62. c6 Kd8 63. Kb6 Kc8 64. c7 Kd7 65.
Kb7 Kd6 66. c8=Q 1-0

[Event "Juvenil Lleida_2008_09"]
[Site "?"]
[Date "2008.11.22"]
[Round "6"]
[White "Ramoneda, Gisela"]
[Black "Fumas, Eudal"]
[Result "1-0"]
[WhiteElo "1975"]
[BlackElo "1700"]
[PlyCount "121"]
[EventDate "2008.10.13"]
[SourceDate "2008.11.22"]

1. e4 e5 2. Nf3 Nc6 3. Bb5 a6 4. Ba4 Nf6 5. d3 d5 6. Nxe5 Bd7 7. Nxd7 Qxd7 8.
exd5 Qxd5 9. Qe2+ Be7 10. O-O O-O 11. Bxc6 Qxc6 12. Qxe7 Rfe8 13. Qb4 Re2 14.
Qc4 Qd6 15. Bf4 Qd7 16. Na3 b5 17. Qxc7 Qd4 18. c3 Qxd3 19. Rad1 Qf5 20. Rfe1
Rxe1+ 21. Rxe1 Nd5 22. Qe5 Qxe5 23. Bxe5 Re8 24. Kf1 f6 25. Bd4 Rd8 26. Nc2 b4
27. cxb4 Nxb4 28. Nxb4 Rxd4 29. Nxa6 Ra4 30. Nc5 Rxa2 31. Rb1 Kf7 32. b4 Rc2
33. Na6 Rc6 34. b5 Rb6 35. Nc7 Rb7 36. b6 Ke7 37. Na6 Kd6 38. Ke2 g5 39. Ke3 f5
40. Nc7 Ke5 41. Rb5+ Kf6 42. Kd4 h5 43. Kd5 Ke7 44. Kc6 Rb8 45. b7 Kf6 46. Na6
Re8 47. b8=Q Re6+ 48. Kd7 Re7+ 49. Kd8 Rf7 50. Qd6+ Kg7 51. Rb6 Rf8+ 52. Kc7
Rf7+ 53. Kb8 Rf8+ 54. Kb7 Rf7+ 55. Nc7 Kg8 56. Qd8+ Kg7 57. Qxg5+ Kf8 58. Rf6
Rxf6 59. Qxf6+ Kg8 60. Ne8 h4 61. Qg7# 1-0

[Event "Juvenil Lleida_2008_09"]
[Site "?"]
[Date "2008.11.22"]
[Round "6"]
[White "Valera, Alexis"]
[Black "Grau, Nuria"]
[Result "0-1"]
[WhiteElo "1700"]
[BlackElo "1723"]
[PlyCount "126"]
[EventDate "2008.10.13"]
[SourceDate "2008.11.22"]

1. e4 e5 2. Nf3 Nc6 3. Bc4 Bc5 4. d3 Nf6 5. c3 a6 6. Bb3 d6 7. Be3 Bb6 8. Bxb6
cxb6 9. d4 exd4 10. cxd4 Bg4 11. Ba4 b5 12. d5 Ne5 13. Bc2 Bxf3 14. gxf3 O-O
15. Nc3 Rc8 16. Qe2 Qa5 17. O-O-O b4 18. f4 Ng6 19. e5 dxe5 20. fxe5 Rfe8 21.
Bxg6 fxg6 22. e6 bxc3 23. Qe1 cxb2+ 24. Kxb2 Qb6+ 25. Ka1 Qd6 26. Qe2 Rc5 27.
Rb1 Qxd5 28. Rhd1 Qe5+ 29. Qb2 Qxb2+ 30. Rxb2 Rb5 31. Re2 Nh5 32. e7 Nf6 33.
Rd8 Rd5 34. Re6 Rdxd8 35. exd8=Q Rxd8 36. Rb6 Rd7 37. Kb2 Ng4 38. Rb3 Nxh2 39.
Rh3 Rd2+ 40. Kc3 Rxf2 41. a4 Rf3+ 42. Rxf3 Nxf3 43. Kc4 g5 44. Kc5 g4 45. Kb6
g3 46. Kxb7 g2 47. Kxa6 g1=Q 48. Kb5 Qa7 49. a5 h5 50. a6 Qxa6+ 51. Kc5 Qd3 52.
Kc6 Qd4 53. Kc7 Qd5 54. Kc8 Qf7 55. Kb8 Qc4 56. Kb7 Qc5 57. Kb8 Qc6 58. Ka7 Kf8
59. Kb8 Ke8 60. Ka7 Kd8 61. Kb8 Qb5+ 62. Ka7 Kc7 63. Ka8 Qb8# 0-1

[Event "Juvenil Lleida_2008_09"]
[Site "?"]
[Date "2008.11.22"]
[Round "6"]
[White "Coll, Cristina"]
[Black "Ferrer, Jordi"]
[Result "1-0"]
[WhiteElo "2003"]
[BlackElo "1858"]
[PlyCount "45"]
[EventDate "2008.10.13"]
[SourceDate "2008.11.22"]

1. e4 e6 2. d4 d5 3. Nd2 Nf6 4. e5 Nfd7 5. c3 c5 6. Bd3 Nc6 7. Ngf3 cxd4 8.
cxd4 Be7 9. O-O f6 10. Re1 O-O 11. Nb3 fxe5 12. dxe5 Na5 13. Nxa5 Qxa5 14. Bd2
Qb6 15. Qc2 h6 16. Bxh6 gxh6 17. Bh7+ Kh8 18. Qg6 Bg5 19. h4 Bxh4 20. Bg8 Qxf2+
21. Kh1 Qxg2+ 22. Qxg2 Rxg8 23. Qh3 1-0

[Event "Juvenil Lleida_2008_09"]
[Site "?"]
[Date "2008.11.22"]
[Round "6"]
[White "Perez, Jose"]
[Black "Visa, Joel"]
[Result "1/2-1/2"]
[WhiteElo "1973"]
[BlackElo "2168"]
[PlyCount "48"]
[EventDate "2008.10.13"]
[SourceDate "2008.11.22"]

1. e4 c6 2. d4 d5 3. Nc3 dxe4 4. Nxe4 Nd7 5. Bc4 Ngf6 6. Nxf6+ Nxf6 7. c3 e6 8.
Nf3 Qc7 9. O-O Bd6 10. h3 b6 11. Re1 Bb7 12. Qe2 O-O 13. Ne5 Rfe8 14. Bb3 c5
15. dxc5 Bxc5 16. Bf4 Ne4 17. Nd3 Qc6 18. Qf3 Bd6 19. Bxd6 Nxd6 20. Qxc6 Bxc6
21. Rad1 Rad8 22. Ne5 Bb7 23. f3 Nf5 24. Ba4 Rf8 1/2-1/2

[Event "Juvenil Lleida_2008_09"]
[Site "?"]
[Date "2008.11.22"]
[Round "6"]
[White "Boldu, Josep"]
[Black "Monfa, Ramon"]
[Result "0-1"]
[WhiteElo "1799"]
[BlackElo "1917"]
[PlyCount "112"]
[EventDate "2008.10.13"]
[SourceDate "2008.11.22"]

1. e4 d6 2. Nf3 Nf6 3. Nc3 g6 4. Bc4 Bg7 5. O-O O-O 6. d3 Nbd7 7. Bg5 a6 8. Qd2
b5 9. Bb3 Re8 10. Bh6 Bh8 11. Rab1 c5 12. Nd5 Bb7 13. Nxf6+ Nxf6 14. Rfe1 Qc7
15. Qf4 e6 16. c3 Nh5 17. Qe3 Nf6 18. Qf4 Rac8 19. h3 d5 20. exd5 Nxd5 21. Qxc7
Rxc7 22. Rbd1 Nf6 23. Ne5 Nd7 24. Bf4 Nxe5 25. Bxe5 Rd7 26. Bxh8 Kxh8 27. Re5
c4 28. Bc2 Red8 29. d4 Rd5 30. Rxd5 Bxd5 31. Re1 f5 32. Bd1 Kg7 33. Re3 Kf6 34.
f4 h6 35. Bf3 Bxf3 36. Rxf3 a5 37. a3 b4 38. axb4 axb4 39. Rf2 bxc3 40. bxc3
Rb8 41. g3 Rb1+ 42. Rf1 Rb7 43. Rf2 Rb3 44. Rc2 Ke7 45. Kf2 Kd6 46. h4 h5 47.
Ke3 Kd5 48. Kf3 Kc6 49. Ke3 Kb5 50. Kd2 Ka4 51. Kc1 Ka3 52. Kd1 Rb2 53. Rc1 Ka2
54. Ke1 Rb1 55. Kd2 Rxc1 56. Kxc1 Kb3 0-1

[Event "Juvenil Lleida_2008_09"]
[Site "?"]
[Date "2008.11.22"]
[Round "6"]
[White "Coll, Jordi"]
[Black "Solani, Joshua"]
[Result "1-0"]
[WhiteElo "2307"]
[BlackElo "1930"]
[PlyCount "109"]
[EventDate "2008.10.13"]
[SourceDate "2008.11.22"]

1. c4 e5 2. g3 Nc6 3. Bg2 f5 4. Nc3 Nf6 5. d3 Bb4 6. Bd2 a6 7. Nf3 O-O 8. O-O
d6 9. Nd5 Bxd2 10. Nxd2 Nxd5 11. cxd5 Ne7 12. b4 f4 13. Rc1 Bd7 14. d4 Rc8 15.
dxe5 dxe5 16. Nc4 Ng6 17. d6 c6 18. Na5 Rb8 19. Nb3 Rf6 20. Qd2 Bf5 21. Rfd1 e4
22. Rc5 e3 23. fxe3 fxg3 24. hxg3 Qd7 25. Rc4 Rd8 26. Nc5 Qxd6 27. Qxd6 Rdxd6
28. Rxd6 Rxd6 29. Nxb7 Rd1+ 30. Kf2 Ne5 31. Rc5 Ng4+ 32. Kf3 g6 33. e4 Be6 34.
Na5 Ra1 35. Nxc6 Rxa2 36. Ne5 Nh2+ 37. Ke3 Ng4+ 38. Nxg4 Bxg4 39. Bf3 Bxf3 40.
exf3 Rb2 41. Ra5 Rxb4 42. Rxa6 Rb7 43. g4 Kg7 44. g5 h6 45. gxh6+ Kxh6 46. f4
Kg7 47. Kf3 Rb1 48. e5 Re1 49. Ra7+ Kh6 50. Re7 g5 51. Re6+ Kh5 52. f5 Rf1+ 53.
Ke4 Rf4+ 54. Kd5 Rxf5 55. Rf6 1-0

[Event "Juvenil Lleida_2008_09"]
[Site "?"]
[Date "2008.11.22"]
[Round "6"]
[White "Mas, Oriol"]
[Black "Barbosa, Laia"]
[Result "0-1"]
[WhiteElo "1940"]
[BlackElo "2001"]
[PlyCount "82"]
[EventDate "2008.10.13"]
[SourceDate "2008.11.22"]

1. c4 e6 2. d4 d5 3. Nc3 Nf6 4. Nf3 c6 5. e3 Bd6 6. Bd3 dxc4 7. Bxc4 Nbd7 8.
O-O O-O 9. Bd2 e5 10. g3 e4 11. Ng5 Nb6 12. Bb3 Bf5 13. Kg2 h6 14. Nh3 Bg4 15.
f3 exf3+ 16. Rxf3 Qd7 17. Nf4 Bxf4 18. gxf4 Bxf3+ 19. Qxf3 Qg4+ 20. Qxg4 Nxg4
21. Kf3 Nf6 22. Be1 Rfe8 23. Bf2 Nbd5 24. Re1 Nxc3 25. bxc3 Ne4 26. Rc1 Nd2+
27. Ke2 Nxb3 28. axb3 a5 29. Kd3 f5 30. Rb1 b5 31. Be1 a4 32. b4 a3 33. Bd2 a2
34. Ra1 Re6 35. Be1 Rg6 36. Bg3 h5 37. e4 fxe4+ 38. Kxe4 h4 39. Bxh4 Rg2 40. c4
Rb2 41. Be1 Ra3 0-1

[Event "Juvenil Lleida_2008_09"]
[Site "?"]
[Date "2008.11.22"]
[Round "6"]
[White "Frances, Oriol"]
[Black "Nieto, Francesc"]
[Result "1-0"]
[WhiteElo "2133"]
[BlackElo "2022"]
[PlyCount "79"]
[EventDate "2008.10.13"]
[SourceDate "2008.11.27"]

1. c3 Nf6 2. d4 d5 3. Nf3 g6 4. Bf4 Bg7 5. Qc1 c5 6. Bh6 Bxh6 7. Qxh6 Qb6 8.
Qc1 Nc6 9. e3 Bf5 10. Nbd2 Nd7 11. Nh4 Be6 12. Bd3 Rc8 13. Qb1 cxd4 14. exd4
Qc7 15. Nhf3 Qf4 16. Qd1 Bf5 17. g3 Qd6 18. Bxf5 gxf5 19. O-O b5 20. a3 h5 21.
Qe2 a6 22. a4 Rb8 23. axb5 axb5 24. Ra6 Qc7 25. Re1 e6 26. Nh4 Ne7 27. Ndf3 Qc4
28. Qe3 Nb6 29. Qe5 O-O 30. Qf6 b4 31. Ra7 Nbc8 32. Qg5+ Kh7 33. Qxh5+ Kg7 34.
Qg5+ Kh7 35. Qf6 f4 36. Ng5+ Kg8 37. Qh6 Qd3 38. Re4 Qb1+ 39. Kg2 f3+ 40. Nhxf3
1-0

[Event "Juvenil Lleida_2008_09"]
[Site "?"]
[Date "2008.11.22"]
[Round "6"]
[White "Ivanov, Dimitri"]
[Black "Fortuny, Jordi"]
[Result "1/2-1/2"]
[WhiteElo "1867"]
[BlackElo "1731"]
[PlyCount "56"]
[EventDate "2008.10.13"]
[SourceDate "2008.11.27"]

1. d4 d5 2. Nf3 Nc6 3. Bf4 Bg4 4. Nbd2 Nf6 5. h3 Bh5 6. g4 Bg6 7. Bg2 Be4 8.
Nxe4 Nxe4 9. Ne5 Nxe5 10. Bxe5 f6 11. Bxe4 fxe5 12. Bg2 e4 13. f3 exf3 14. Bxf3
e6 15. h4 Bd6 16. Rh3 Be7 17. h5 Bh4+ 18. Kd2 g6 19. hxg6 hxg6 20. Qh1 Bg5+ 21.
e3 Kd7 22. Rh7+ Be7 23. Qh6 Rxh7 24. Qxh7 Qg8 25. Rh1 Qxh7 26. Rxh7 Rg8 27. Ke2
Ke8 28. e4 c6 1/2-1/2

[Event "Juvenil Lleida_2008_09"]
[Site "?"]
[Date "2008.11.29"]
[Round "7"]
[White "Coll, Cristina"]
[Black "Coll, Jordi"]
[Result "0-1"]
[WhiteElo "2003"]
[BlackElo "2307"]
[PlyCount "42"]
[EventDate "2008.10.13"]
[SourceDate "2008.11.29"]

1. e4 c5 2. Nf3 g6 3. Bc4 Bg7 4. O-O Nc6 5. c3 Nf6 6. Re1 O-O 7. d4 cxd4 8.
cxd4 Nxe4 9. Rxe4 d5 10. Bxd5 Qxd5 11. Nc3 Qf5 12. Bg5 Be6 13. Qd2 Rfd8 14. Rd1
Nxd4 15. Rxd4 Bxd4 16. Nxd4 Rxd4 17. Qxd4 Qxg5 18. Ne4 Qb5 19. b3 Rc8 20. Re1
Qd5 21. Qxa7 Qxe4 0-1

[Event "Juvenil Lleida_2008_09"]
[Site "?"]
[Date "2008.11.29"]
[Round "7"]
[White "Visa, Joel"]
[Black "Frances, Oriol"]
[Result "1-0"]
[WhiteElo "2168"]
[BlackElo "2133"]
[PlyCount "131"]
[EventDate "2008.10.13"]
[SourceDate "2008.12.09"]

1. d4 Nf6 2. c4 e6 3. Nc3 Bb4 4. e3 b6 5. Nf3 Ba6 6. Qb3 Be7 7. Qc2 d5 8. Ne5
O-O 9. Be2 c5 10. dxc5 Bxc5 11. cxd5 Bxe2 12. Qxe2 Nxd5 13. O-O Nxc3 14. bxc3
Qc7 15. Nf3 Nd7 16. Bb2 Bd6 17. g3 Nc5 18. Rac1 Na4 19. Ba1 e5 20. c4 f6 21.
Rfd1 Rfd8 22. Nh4 Rac8 23. Rd5 Bb4 24. Qd1 Ba3 25. Rc2 Rxd5 26. Qxd5+ Qf7 27.
Qb5 Qe8 28. Qb3 Bc5 29. Rd2 Kh8 30. Nf5 Qc6 31. Qd1 Bf8 32. Rd8 Qxc4 33. Rxc8
Qxc8 34. Qxa4 Qxf5 35. Qxa7 Qb1+ 36. Kg2 Qe4+ 37. Kg1 Qb4 38. Kg2 h6 39. Qa8
Kh7 40. Qc6 Bc5 41. Qd5 Qb1 42. Bc3 Qc2 43. Qd2 Qe4+ 44. Kg1 b5 45. Qe2 Qb1+
46. Kg2 b4 47. Be1 Qe4+ 48. f3 Qb1 49. Bf2 e4 50. fxe4 Qxe4+ 51. Qf3 Qc2 52. g4
Kg6 53. Qh3 Kf7 54. Qh5+ Ke7 55. Kg1 Kd8 56. Qd5+ Kc7 57. h3 Kb6 58. Qb3 Qc1+
59. Kg2 Qc3 60. Kf3 Bd6 61. Qd5 Qc6 62. e4+ Bc5 63. Qd8+ Kb5 64. Qd3+ Ka5 65.
Qc4 Kb6 66. Qxb4+ 1-0

[Event "Juvenil Lleida_2008_09"]
[Site "?"]
[Date "2008.11.29"]
[Round "7"]
[White "Monfa, Ramon"]
[Black "Ramoneda, Gisela"]
[Result "1-0"]
[WhiteElo "1917"]
[BlackElo "1975"]
[PlyCount "81"]
[EventDate "2008.10.13"]
[SourceDate "2008.12.09"]

1. d3 d5 2. a3 Bg4 3. Nd2 e6 4. Ngf3 Bd6 5. b4 Ne7 6. Bb2 O-O 7. c4 c6 8. g3
Nd7 9. Bg2 b5 10. O-O f6 11. cxb5 cxb5 12. Nd4 Qb6 13. h3 Be5 14. N2b3 Nc6 15.
Nxc6 Bxb2 16. Ra2 Qxc6 17. Rxb2 Bh5 18. Rc2 Qa6 19. Qa1 Rac8 20. Rfc1 Bf7 21.
Nd4 Rxc2 22. Rxc2 Qb7 23. Qc1 Qb8 24. Rc7 Ne5 25. Qc5 a6 26. f4 Ng6 27. Qa7
Qxa7 28. Rxa7 Rc8 29. f5 exf5 30. Nxf5 Re8 31. Nd6 Re7 32. Ra8+ Nf8 33. Nxf7
Kxf7 34. Bxd5+ Ne6 35. Rxa6 Re8 36. Rb6 g6 37. Rxb5 Ke7 38. Bxe6 Kxe6 39. a4
Kd7 40. Kf2 Ra8 41. a5 1-0

[Event "Juvenil Lleida_2008_09"]
[Site "?"]
[Date "2008.11.29"]
[Round "7"]
[White "Barbosa, Laia"]
[Black "Perez, Jose"]
[Result "1/2-1/2"]
[WhiteElo "2001"]
[BlackElo "1973"]
[PlyCount "44"]
[EventDate "2008.10.13"]
[SourceDate "2008.12.09"]

1. e4 c5 2. Nf3 e6 3. d4 cxd4 4. Nxd4 Nc6 5. Be3 Nf6 6. Bd3 Bc5 7. Nxc6 bxc6 8.
Bxc5 Qa5+ 9. b4 Qc7 10. Nd2 d6 11. Be3 O-O 12. O-O d5 13. Qf3 e5 14. h3 h6 15.
Qg3 Kh8 16. Qh4 d4 17. Bxh6 Nh7 18. f4 gxh6 19. Qxh6 Rg8 20. fxe5 Rg6 21. Qh4
Be6 22. Nc4 Rag8 1/2-1/2

[Event "Juvenil Lleida_2008_09"]
[Site "?"]
[Date "2008.11.29"]
[Round "7"]
[White "Nieto, Francesc"]
[Black "Solani, Joel"]
[Result "1-0"]
[WhiteElo "2022"]
[BlackElo "1707"]
[PlyCount "77"]
[EventDate "2008.10.13"]
[SourceDate "2008.12.09"]

1. e4 e5 2. Nc3 Nc6 3. f4 Bb4 4. Nf3 d6 5. Bb5 Nge7 6. O-O O-O 7. d3 Bxc3 8.
bxc3 exf4 9. Bxf4 f5 10. e5 dxe5 11. Nxe5 Nxe5 12. Bxe5 Ng6 13. Bc4+ Kh8 14.
Bd4 Bd7 15. Qh5 Qe7 16. Rae1 Qd6 17. Qg5 Rae8 18. h4 c5 19. Bf2 Ne5 20. Bb3 Be6
21. Bxe6 Rxe6 22. Bg3 h6 23. Qf4 Rfe8 24. Qxf5 Qd5 25. c4 Qd4+ 26. Kh1 Qb2 27.
Re2 R6e7 28. Rfe1 Nc6 29. Rxe7 Rxe7 30. Qf8+ Kh7 31. Rxe7 Nxe7 32. Qxe7 Qxa2
33. Be5 Kg6 34. Qe6+ Kh5 35. Qf5+ g5 36. hxg5 hxg5 37. Bf6 Kh6 38. Qxg5+ Kh7
39. Qg7# 1-0

[Event "Juvenil Lleida_2008_09"]
[Site "?"]
[Date "2008.11.29"]
[Round "7"]
[White "Grau, Nuria"]
[Black "Boldu, Josep"]
[Result "0-1"]
[WhiteElo "1723"]
[BlackElo "1799"]
[PlyCount "106"]
[EventDate "2008.10.13"]
[SourceDate "2008.12.09"]

1. e4 e5 2. Nf3 Nc6 3. Bc4 Bc5 4. c3 Nf6 5. d3 O-O 6. Bb3 d6 7. h3 Be6 8. Bc2
h6 9. O-O Nh7 10. Nbd2 f5 11. Bb3 Qd7 12. Bxe6+ Qxe6 13. Qb3 Qxb3 14. Nxb3 fxe4
15. dxe4 Bb6 16. Nbd2 a6 17. Nc4 Ba7 18. Ne3 Nf6 19. Nd5 Nxe4 20. Be3 Bxe3 21.
Nxe3 Nf6 22. Rad1 b6 23. Rfe1 Ne7 24. Nd2 Ng6 25. Nf3 Ne7 26. b3 b5 27. a3 a5
28. b4 axb4 29. axb4 Ra3 30. c4 bxc4 31. Nxc4 Ra4 32. Rb1 Rb8 33. Rec1 Raxb4
34. Rxb4 Rxb4 35. Ne3 Nfd5 36. Nxd5 Nxd5 37. Kh2 Rb8 38. Rd1 Nf6 39. Rc1 c5 40.
Ra1 e4 41. Nd2 d5 42. Nf1 d4 43. Nd2 Rb2 44. Nc4 Rxf2 45. Nd6 e3 46. Re1 e2 47.
Kg3 Rf1 48. Rxe2 Rc1 49. Ne4 Nxe4+ 50. Rxe4 d3 51. Re3 d2 52. Rd3 d1=Q 53. Rxd1
Rxd1 0-1

[Event "Juvenil Lleida_2008_09"]
[Site "?"]
[Date "2008.11.29"]
[Round "7"]
[White "Casas, Pau"]
[Black "Orrit, Gerard"]
[Result "1-0"]
[WhiteElo "1700"]
[BlackElo "1850"]
[PlyCount "72"]
[EventDate "2008.10.13"]
[SourceDate "2008.12.09"]

1. e4 e5 2. Nf3 Nc6 3. Nc3 Nf6 4. Bd3 Bc5 5. O-O d6 6. Bb5 O-O 7. Bxc6 bxc6 8.
d3 Re8 9. Bg5 h6 10. Bh4 Be6 11. Na4 Bb6 12. Qd2 Bd7 13. b3 Qe7 14. h3 Qe6 15.
Nc3 Ba5 16. a3 d5 17. exd5 cxd5 18. b4 Bb6 19. Rfe1 Qd6 20. Bxf6 Qxf6 21. Nxd5
Qf5 22. Nxb6 axb6 23. d4 e4 24. Nh4 Qf6 25. Nf3 exf3 26. Rxe8+ Rxe8 27. Kh2 Re2
28. Qc3 Rxf2 29. Qxc7 Rxg2+ 30. Kh1 Bxh3 31. Qb8+ Kh7 32. Qb7 Bg4 33. Qe4+ g6
34. Qe1 Qg5 35. Rd1 Qh5+ 36. Qh4 Qxh4# 1-0

[Event "Juvenil Lleida_2008_09"]
[Site "?"]
[Date "2008.11.29"]
[Round "7"]
[White "Solani, Joshua"]
[Black "Ferrer, Jordi"]
[Result "1-0"]
[WhiteElo "1930"]
[BlackElo "1858"]
[PlyCount "57"]
[EventDate "2008.10.13"]
[SourceDate "2008.12.09"]

1. d4 d5 2. c4 c6 3. Nc3 Nf6 4. Nf3 a6 5. Bg5 Bf5 6. e3 e6 7. Be2 Be7 8. O-O
O-O 9. Nh4 Bg6 10. Nxg6 hxg6 11. cxd5 Nxd5 12. Bxe7 Qxe7 13. Qb3 Qc7 14. Rac1
Nxc3 15. bxc3 Nd7 16. c4 Nf6 17. Rb1 Rab8 18. f3 e5 19. d5 cxd5 20. cxd5 e4 21.
Rbd1 Rfe8 22. fxe4 Nxe4 23. d6 Nxd6 24. Rxd6 Qxd6 25. Qxf7+ Kh7 26. Rf3 Kh6 27.
Rh3+ Kg5 28. Rh5+ gxh5 29. h4+ 1-0

[Event "Juvenil Lleida_2008_09"]
[Site "?"]
[Date "2008.11.29"]
[Round "7"]
[White "Valera, Alexis"]
[Black "Bobet, Ramon"]
[Result "1-0"]
[WhiteElo "1700"]
[BlackElo "1700"]
[PlyCount "33"]
[EventDate "2008.10.13"]
[SourceDate "2008.12.09"]

1. e4 c5 2. Nf3 g6 3. Bc4 Bg7 4. d4 b6 5. O-O e6 6. d5 exd5 7. exd5 d6 8. Re1+
Kf8 9. Bb5 Bd7 10. Bxd7 Qxd7 11. Nh4 Qd8 12. Re4 f5 13. Re6 Qxh4 14. Qe1 Qd8
15. Bg5 Qxg5 16. Re8+ Kf7 17. Qe6# 1-0

[Event "Juvenil Lleida_2008_09"]
[Site "?"]
[Date "2008.11.29"]
[Round "7"]
[White "Fortuny, Jordi"]
[Black "Mas, Oriol"]
[Result "0-1"]
[WhiteElo "1731"]
[BlackElo "1940"]
[PlyCount "42"]
[EventDate "2008.10.13"]
[SourceDate "2008.12.09"]

1. e4 c5 2. b4 cxb4 3. a3 bxa3 4. Bxa3 d6 5. d4 Nf6 6. Nc3 g6 7. e5 dxe5 8.
dxe5 Qa5 9. Bb2 Qxe5+ 10. Nge2 Bg7 11. f4 Qc5 12. Ba3 Qc6 13. Nd4 Qxc3+ 14. Kf2
Ne4+ 15. Ke2 Bg4+ 16. Nf3 Nc6 17. h3 Nd4+ 18. Qxd4 Bxd4 19. hxg4 Qxc2+ 20. Nd2
Qxd2+ 21. Kf3 Qe3# 0-1

[Event "Juvenil Lleida_2008_09"]
[Site "?"]
[Date "2008.11.29"]
[Round "7"]
[White "Torne, Pol"]
[Black "Rumi, Joel"]
[Result "0-1"]
[WhiteElo "1700"]
[BlackElo "1700"]
[Annotator "No es pot continuar llegint"]
[PlyCount "81"]
[EventDate "2008.10.13"]
[SourceDate "2008.12.09"]

1. e4 e5 2. Nf3 Nc6 3. Bc4 Nf6 4. Nc3 Bb4 5. a3 Bxc3 6. dxc3 Nxe4 7. Bd5 Nf6 8.
Bg5 h6 9. Bxf6 Qxf6 10. O-O O-O 11. Re1 Re8 12. Re2 d6 13. a4 Bg4 14. Re3 Rab8
15. h3 Bh5 16. Qe2 Re7 17. Rd1 Rd8 18. b4 a6 19. g4 Bg6 20. h4 h5 21. Ng5 hxg4
22. Qxg4 Bxc2 23. Ra1 Bf5 24. Qf3 Be6 25. Qe4 Qf5 26. Qg2 a5 27. h5 f6 28. Rf3
Qxg5 29. Qxg5 fxg5 30. Bxc6 bxc6 31. bxa5 Ra8 32. Rg3 Rxa5 33. Rxg5 Kh7 34. Rg3
Bf7 35. Rf3 Bxh5 36. Rh3 g6 37. c4 Kg7 38. Rg3 d5 39. c5 e4 40. Rc3 Be2 41. Rc2
0-1